00679 2200181 4500245004000000020002200040250001100062100002100073700001500094650001700109005001900126260003100145041001400176084001100190300002300201500026400224336000900488 aKakak KelascKadek PingetaniahText a978-602-6940-52-0 aCet. 1 aKadek Pingetania aAnggia Eka aNovel Remaja a20230926074139 aDepokbBintang Mediac2017 aIndonesia a808.83 a312 hlm. :c22 cm. amenceritakan kisah cinta di sekolah SMA dimana terdapat tokoh perempuan yang menjadi siswa baru di sekolah SMA Garuda. Ia dipertemukan dengan seorang laki-laki yang merupakan anggota osis di sekolahnya. Tetapi, ia dikenal sebagai seorang playboy di sekolahnya atext